Gone tomorrow (Record no. 21610)

MARC details
000 -LEADER
fixed length control field 01885ngm a2200361 4500
001 - CONTROL NUMBER
control field vtls002173560
003 - CONTROL NUMBER IDENTIFIER
control field MY-SjTCS
005 - DATE AND TIME OF LATEST TRANSACTION
control field 20200306153749.0
008 - FIXED-LENGTH DATA ELEMENTS--GENERAL INFORMATION
fixed length control field 020605 0 eng
020 ## - INTERNATIONAL STANDARD BOOK NUMBER
International Standard Book Number No ISBN
039 #9 - LEVEL OF BIBLIOGRAPHIC CONTROL AND CODING DETAIL [OBSOLETE]
Level of rules in bibliographic description 201210291627
Level of effort used to assign nonsubject heading access points izani
-- 200407271927
-- VLOAD
082 04 - DEWEY DECIMAL CLASSIFICATION NUMBER
Classification number 362.1969792
Item number GON
245 00 - TITLE STATEMENT
Title Gone tomorrow
Medium [videorecording] :
Remainder of title AIDS : a personal perspective /
Statement of responsibility, etc. producer/director, Greg Harpold ; writer, Daniel S. Kehde ; based on a story by Mary Elizabeth Kehde
246 14 - VARYING FORM OF TITLE
Title proper/short title Gone tomorrow :
Remainder of title AIDS awareness
246 30 - VARYING FORM OF TITLE
Title proper/short title AIDS :
Remainder of title a personal perspective
260 ## - PUBLICATION, DISTRIBUTION, ETC.
Place of publication, distribution, etc. Charleston, W. Va. :
Name of publisher, distributor, etc. Cambridge Educational,
Date of publication, distribution, etc. c1995
300 ## - PHYSICAL DESCRIPTION
Extent 1 videocassette (36 min.) :
Other physical details sd., col. ;
Dimensions 1/2 in. +
Accompanying material 1 workbook
440 #0 - SERIES STATEMENT/ADDED ENTRY--TITLE
Title AIDS education
9 (RLIN) 202399
500 ## - GENERAL NOTE
General note Title from title screen
520 ## - SUMMARY, ETC.
Summary, etc. Designed to raise awareness and educate young adults about AIDS. Based on a stage play produced by the writers from1993-1995 using "regular kids" as actors, who also appear in this video. The story is about Rick, a heterosexual, all-American male, with good grades and a positive outlook on life. The play follows him through his adolescent years and the romances that have influenced his life. Video concludes with a question and answer segment.
521 ## - TARGET AUDIENCE NOTE
Target audience note Teenagers, young adults
525 ## - SUPPLEMENT NOTE
Supplement note Gone tomorrow : AIDS awareness [workbook] written by Dan & Penny Kehde
650 #0 - SUBJECT ADDED ENTRY--TOPICAL TERM
Topical term or geographic name entry element AIDS (Disease)
9 (RLIN) 202400
650 #0 - SUBJECT ADDED ENTRY--TOPICAL TERM
Topical term or geographic name entry element AIDS (Disease)
General subdivision Prevention & control.
9 (RLIN) 202401
650 #0 - SUBJECT ADDED ENTRY--TOPICAL TERM
Topical term or geographic name entry element Health
Form subdivision Popular works.
9 (RLIN) 21329
650 #0 - SUBJECT ADDED ENTRY--TOPICAL TERM
Topical term or geographic name entry element HIV infections
General subdivision Prevention and control.
9 (RLIN) 202402
700 1# - ADDED ENTRY--PERSONAL NAME
Personal name Harpold, Greg.
9 (RLIN) 202403
700 1# - ADDED ENTRY--PERSONAL NAME
Personal name Kehde, Daniel S.
9 (RLIN) 202404
700 1# - ADDED ENTRY--PERSONAL NAME
Personal name Kehde, Mary Elizabeth.
9 (RLIN) 202405
710 2# - ADDED ENTRY--CORPORATE NAME
Corporate name or jurisdiction name as entry element Cambridge Educational (Firm)
9 (RLIN) 202211
740 0# - ADDED ENTRY--UNCONTROLLED RELATED/ANALYTICAL TITLE
Uncontrolled related/analytical title Gone tomorrow : AIDS awareness [workbook]
920 ## - Programme
Programme GEN : VC100014, AM100002
Holdings
Withdrawn status Lost status Source of classification or shelving scheme Damaged status Not for loan Home library Current library Date acquired Total Checkouts Barcode Date last seen Date last checked out Copy number Koha item type Public note Price effective from
Withdrawn   Dewey Decimal Classification     Taylor's Library-TC Taylor's Library-TC 27/07/2004   1000108627 05/12/2019 11/11/2009 1 Media Resources GENxx,GENxx,02,GR  
    Dewey Decimal Classification     Taylor's Library-TC Taylor's Library-TC 20/02/2020     20/02/2020   1 Main Collection SAM, 07025 20/02/2020